UPANISAD-MALA:A PRIMER OF 108 UPANISADS (Record no. 8774)

MARC details
000 -LEADER
fixed length control field 00425nam a22001457a 4500
005 - DATE AND TIME OF LATEST TRANSACTION
control field 20260220143024.0
008 - FIXED-LENGTH DATA ELEMENTS--GENERAL INFORMATION
fixed length control field 250827b |||||||| |||| 00| 0 eng d
020 ## - INTERNATIONAL STANDARD BOOK NUMBER
ISBN 978-9380-864-655
041 ## - LANGUAGE CODE
Language code of text/sound track or separate title eng
100 ## - MAIN ENTRY--AUTHOR NAME
Personal name PROF. GAURI MAHULIKAR & BRAHMACHARI VED CHAITANYA
245 ## - TITLE STATEMENT
Title UPANISAD-MALA:A PRIMER OF 108 UPANISADS
260 ## - PUBLICATION, DISTRIBUTION, ETC. (IMPRINT)
Place of publication KERELA
Name of publisher CHINMAYA INTERNATIONAL FOUNDATION. [KERALA]
300 ## - PHYSICAL DESCRIPTION
Number of Pages 119;P
942 ## - ADDED ENTRY ELEMENTS (KOHA)
Koha item type Books
Holdings
Lost status Damaged status Collection code Home library Current library Date acquired Source of acquisition Cost, normal purchase price Accession Number Koha item type
    BHARTIYA GYAN PARAMPARA JRU Library JRU Library 27/08/2025 PURCHASE 300.00 28758 Books